| 000 -LEADER |
| fixed length control field |
01156nam a22002297a 4500 |
| 005 - DATE AND TIME OF LATEST TRANSACTION |
| control field |
20240129093139.0 |
| 008 - FIXED-LENGTH DATA ELEMENTS--GENERAL INFORMATION |
| fixed length control field |
240129b ||||| |||| 00| 0 eng d |
| 020 ## - INTERNATIONAL STANDARD BOOK NUMBER |
| International Standard Book Number |
9781684121625 |
| 040 ## - CATALOGING SOURCE |
| Transcribing agency |
KH8 |
| 082 ## - DEWEY DECIMAL CLASSIFICATION NUMBER |
| Classification number |
823.92 MAT |
| 100 ## - MAIN ENTRY--PERSONAL NAME |
| Personal name |
Matthews, Andrew, |
| Dates associated with a name |
1948- |
| Relator term |
Author |
| 245 ## - TITLE STATEMENT |
| Title |
The Shakespeare stories: |
| Remainder of title |
Much ado about nothing ; the taming of the shrew ; Macbeth ; Romeo and Juliet |
| 260 ## - PUBLICATION, DISTRIBUTION, ETC. |
| Place of publication, distribution, etc. |
San Diego, California, |
| Name of publisher, distributor, etc. |
Silver Dolphin, |
| Date of publication, distribution, etc. |
2017 |
| 300 ## - PHYSICAL DESCRIPTION |
| Extent |
255 pages : |
| Other physical details |
illustrations ; |
| Dimensions |
20 cm |
| 520 ## - SUMMARY, ETC. |
| Summary, etc. |
Discover the literary world of Shakespeare with these fantastic kid-friendly retellings of his most famous works. From the murderous adventures of Macbeth to the tragic love story of Romeo and Juliet, these stories come alive with illustrations throughout that capture the humor and drama from the original stories. This set is a perfect introduction to Shakespeare for young readers! |
| 521 ## - TARGET AUDIENCE NOTE |
| Target audience note |
6 & up |
| 650 ## - SUBJECT ADDED ENTRY--TOPICAL TERM |
| Topical term or geographic name entry element |
Shakespeare, William, |
| Chronological subdivision |
1564-1616 |
| 650 ## - SUBJECT ADDED ENTRY--TOPICAL TERM |
| Topical term or geographic name entry element |
Adaptations Juvenile fiction |
| 650 ## - SUBJECT ADDED ENTRY--TOPICAL TERM |
| Topical term or geographic name entry element |
Adaptations Romans, |
| Form subdivision |
nouvelles, etc. pour la jeunesse |
| 700 ## - ADDED ENTRY--PERSONAL NAME |
| Personal name |
Tony Ross |
| Relator term |
Illustrator |
| 942 ## - ADDED ENTRY ELEMENTS (KOHA) |
| Source of classification or shelving scheme |
|
| Koha item type |
Books - Fiction |